000 00359nam a22001577a 4500
003 SGT
020 _a9788184893564
082 _a617
_bA09B
100 _aBECK, DAVID E.
245 _aTHE ASCRS MANUAL OF COLON AND RECTAL SURGERY
250 _a1ST
260 _aINDIA
_bSPRINGER PUB
_c2009
300 _a1046
650 _aGENERAL SURGERY
942 _2ddc
_cBK
999 _c21393
_d21393